000 00450nam a2200169Ia 4500
008 230714s9999 xx 000 0 und d
020 _a9790000000000
041 _aeng
082 _a621.43
_bPUN
100 _aPundir B.P.
245 _aIC Engines
_bCombustion And Emissions
260 _c2010
_bNarosa Publishing
300 _a504
365 _cRs.
_b485.00
700 _aPundir B.P.
906 _dO:0423104-Oct-2014B:IN 87506-Aug-2014
_cMECH
_b485
999 _c214075
_d214075